00455nam a2200169 a 450000100060000000300090000600800410001502000180005604000280007408200100010210000180011224500550013026000240018530000100020965000330021965000330025223875CO-ViMGA141112s2004 ck r 000 u spa d a9788498672213 aCO-ViMGAbspacCO-ViMGA04aCHIa11 aChild, Lauren10aAna tarambana lios de ortografis / cLauren Childs aEspaña : bserres a194P.14a2 : NIÑOS EN LA LITERATURA14aCUENTOS INFANTILES INGLESES